The gifts of healing / (Record no. 4054)
[ view plain ]
| 000 -LEADER | |
|---|---|
| fixed length control field | 00584cam a2200217Ia 4500 |
| 001 - CONTROL NUMBER | |
| control field | 7062367 |
| 003 - CONTROL NUMBER IDENTIFIER | |
| control field | OSt |
| 005 - DATE AND TIME OF LATEST TRANSACTION | |
| control field | 20181128154600.0 |
| 008 - FIXED-LENGTH DATA ELEMENTS--GENERAL INFORMATION | |
| fixed length control field | 810114s1980 oku 000 0 eng d |
| 020 ## - INTERNATIONAL STANDARD BOOK NUMBER | |
| International Standard Book Number | 0892743700 |
| 040 ## - CATALOGING SOURCE | |
| Original cataloging agency | ONU |
| Transcribing agency | ONU |
| 049 ## - LOCAL HOLDINGS (OCLC) | |
| Holding library | ONUU |
| 082 ## - DEWEY DECIMAL CLASSIFICATION NUMBER | |
| Classification number | 234.13 |
| Item number | H417G |
| 100 1# - MAIN ENTRY--PERSONAL NAME | |
| Personal name | Hayes, Norvel |
| 245 14 - TITLE STATEMENT | |
| Title | The gifts of healing / |
| Statement of responsibility, etc. | by Norvel Hayes |
| 260 ## - PUBLICATION, DISTRIBUTION, ETC. | |
| Place of publication, distribution, etc. | Tulsa : |
| Name of publisher, distributor, etc. | Harrison House, |
| Date of publication, distribution, etc. | c1980 |
| 300 ## - PHYSICAL DESCRIPTION | |
| Extent | 32 p. ; |
| Dimensions | 22 cm |
| 500 ## - GENERAL NOTE | |
| General note | "Volume number five of a nine part series on the gifts of the Spirit." |
| 650 #0 - SUBJECT ADDED ENTRY--TOPICAL TERM | |
| Topical term or geographic name entry element | Spiritual healing |
| 942 ## - ADDED ENTRY ELEMENTS (KOHA) | |
| Source of classification or shelving scheme | Dewey Decimal Classification |
| Koha item type | Books |
| Withdrawn status | Lost status | Source of classification or shelving scheme | Damaged status | Not for loan | Collection code | Home library | Current library | Shelving location | Date acquired | Cost, normal purchase price | Total Checkouts | Full call number | Barcode | Date last seen | Price effective from | Koha item type |
|---|---|---|---|---|---|---|---|---|---|---|---|---|---|---|---|---|
| Dewey Decimal Classification | Non-fiction | Harvest Mission College | Harvest Mission College | General Stacks | 28.11.2018 | 60.00 | 234.13 H417G | 004575 | 28.11.2018 | 28.11.2018 | Books |
